जनसंचार : दृश्य-परिदृश्य : (Record no. 118580)

MARC details
000 -LEADER
fixed length control field 01309nam a22002537a 4500
005 - DATE AND TIME OF LATEST TRANSACTION
control field 20170124103116.0
010 ## - LIBRARY OF CONGRESS CONTROL NUMBER
LC control number A-757775
020 ## - INTERNATIONAL STANDARD BOOK NUMBER
Terms of availability 00.00
035 ## - SYSTEM CONTROL NUMBER
System control number A-757775
037 ## - SOURCE OF ACQUISITION
Source of stock number/acquisition Cen Lib/Ret
040 ## - CATALOGING SOURCE
Original cataloging agency DPL
Language of cataloging HN
082 ## - DEWEY DECIMAL CLASSIFICATION NUMBER
Classification number 302.2
Item number पाण्डेय
100 ## - MAIN ENTRY--PERSONAL NAME
Personal name पाण्डेय, पृथ्वीनाथ
9 (RLIN) 44529
245 ## - TITLE STATEMENT
Title जनसंचार : दृश्य-परिदृश्य :
Statement of responsibility, etc पृथ्वीनाथ पाण्डेय
Remainder of title पत्रकारिता-विषयक जनसंचार की प्रतिनिधि कृति /
246 ## - VARYING FORM OF TITLE
Title proper/short title Jansanchar : drishye-paridrishye : patrkarita-vishyak jansanchar ki pratinidhi kriti /
Remainder of title by Prithivinath Pandey
260 ## - PUBLICATION, DISTRIBUTION, ETC. (IMPRINT)
Place of publication, distribution, etc इलाहाबाद
Name of publisher, distributor, etc उमेश प्रकाशन
Date of publication, distribution, etc 1995
270 ## - ADDRESS
City इलाहाबाद
Address नया 100, लूकरगंज
300 ## - PHYSICAL DESCRIPTION
Extent 174पृ.
Dimensions 21सेमी(सजिल्द)
650 ## - SUBJECT ADDED ENTRY--TOPICAL TERM
Topical term or geographic name as entry element संचार -- परिभाषा एवं प्रारूप
9 (RLIN) 80960
650 ## - SUBJECT ADDED ENTRY--TOPICAL TERM
Topical term or geographic name as entry element संचार -- माध्यम -- भारत
9 (RLIN) 1542
650 ## - SUBJECT ADDED ENTRY--TOPICAL TERM
Topical term or geographic name as entry element Communications - Definition and format
9 (RLIN) 80961
650 ## - SUBJECT ADDED ENTRY--TOPICAL TERM
Topical term or geographic name as entry element Communication - medium - India
9 (RLIN) 80962
942 ## - ADDED ENTRY ELEMENTS (KOHA)
Source of classification or shelving scheme Dewey Decimal Classification
Koha item type Hindi Books
Classification part 302.2
Call number suffix पाण्डेय
Holdings
Withdrawn status Lost status Damaged status Not for loan Home library Current library Date acquired Source of acquisition Cost, normal purchase price Total Checkouts Full call number Barcode Date last seen Copy number Cost, replacement price Price effective from Koha item type
        Central Library Central Library 12/09/2015 Cen Lib/Ret 0.00   302.2 पाण्डेय A-757775 12/09/2015 1 0.00 12/09/2015 Hindi Books

© Delhi Public Library
Hit Counter
free hit counter